000
00318nam a2200133Ia 4500
005
20251221000920.0
008
251220s1990||||xx |||||||||||||| ||spa||
082
_a
340.9/M26
100
_a
Marín López, Antonio
245
0
_a
Derecho Internacional Privado Español
250
_a
7ma.ed.
942
_c
LIB
942
_c
P01
999
_c
412
_d
412